Деионизация никельсодержащих растворов гальванического производства; Известия Томского политехнического университета [Известия ТПУ]; Т. 306, № 2

Bibliographische Detailangaben
Parent link:Известия Томского политехнического университета [Известия ТПУ]/ Томский политехнический университет (ТПУ).— , 2000-
Т. 306, № 2.— 2003.— [С. 38-39]
1. Verfasser: Вергун А. П. Анатолий Павлович
Weitere Verfasser: Тихонов Г. С. Геннадий Степанович, Дорофеева Л. И. Людмила Ивановна
Zusammenfassung:Заглавие с титульного листа
Электронная версия печатной публикации
Представлены результаты экспериментальных исследований по извлечению ионов никеля из растворов никелирования гальванического производства методом электродиализа в смешанном слое ионита. Проведённые исследования показывают эффективное удержание ионов никеля в ионообменной насадке.
Sprache:Russisch
Veröffentlicht: 2003
Schriftenreihe:Естественные науки
Schlagworte:
Online-Zugang:http://www.lib.tpu.ru/fulltext/v/Bulletin_TPU/2003/v306/i2/08.pdf
Format: Elektronisch Buchkapitel
KOHA link:https://koha.lib.tpu.ru/cgi-bin/koha/opac-detail.pl?biblionumber=167277

MARC

LEADER 00000nla2a2200000 4500
001 167277
005 20240201145753.0
035 |a (RuTPU)RU\TPU\book\181472 
035 |a RU\TPU\book\181471 
090 |a 167277 
100 |a 20091014d2003 k y0rusy50 ca 
101 0 |a rus 
102 |a RU 
135 |a drnn ---uucaa 
181 0 |a i  
182 0 |a b 
200 1 |a Деионизация никельсодержащих растворов гальванического производства  |f А. П. Вергун, Г. С. Тихонов, Л. И. Дорофеева 
203 |a Текст  |c электронный 
215 |a 1 файл (183 Кб) 
225 1 |a Естественные науки 
300 |a Заглавие с титульного листа 
300 |a Электронная версия печатной публикации 
320 |a [Библиогр.: с. 39 (5 назв.)] 
330 |a Представлены результаты экспериментальных исследований по извлечению ионов никеля из растворов никелирования гальванического производства методом электродиализа в смешанном слое ионита. Проведённые исследования показывают эффективное удержание ионов никеля в ионообменной насадке. 
337 |a Adobe Reader 
461 1 |0 (RuTPU)RU\TPU\book\176237  |t Известия Томского политехнического университета [Известия ТПУ]  |f Томский политехнический университет (ТПУ)  |d 2000- 
463 1 |0 (RuTPU)RU\TPU\book\181329  |t Т. 306, № 2  |f под ред. В. А. Власова  |v [С. 38-39]  |d 2003  |p 179 с. 
610 1 |a деионизация 
610 1 |a растворы 
610 1 |a ионы никеля 
610 1 |a никелирование 
610 1 |a иониты 
610 1 |a насадки 
610 1 |a труды учёных ТПУ 
610 1 |a электронный ресурс 
610 1 |a метод электродиализа 
700 1 |a Вергун  |b А. П.  |c физик  |c профессор Томского политехнического университета, доктор физико-математических наук  |f 1938-  |g Анатолий Павлович  |3 (RuTPU)RU\TPU\pers\21951  |9 9271 
701 1 |a Тихонов  |b Г. С.  |c физик  |c доцент Томского политехнического университета  |f 1940-  |g Геннадий Степанович  |3 (RuTPU)RU\TPU\pers\30567 
701 1 |a Дорофеева  |b Л. И.  |c физик  |c доцент Томского политехнического университета, кандидат физико-математических наук  |f 1969-  |g Людмила Ивановна  |3 (RuTPU)RU\TPU\pers\26857  |9 12475 
801 1 |a RU  |b 63413507  |c 20090623  |g PSBO 
801 2 |a RU  |b 63413507  |c 20180409  |g PSBO 
856 4 |u http://www.lib.tpu.ru/fulltext/v/Bulletin_TPU/2003/v306/i2/08.pdf 
942 |c CF